Encyclopedia of medical devices and instrumentation / (رقم التسجيلة. 22108)

تفاصيل مارك
000 -الفاتح
حقل البيانات ثابتة الطول 02696cam a22006014a 4500
001 - رقم الضبط
رقم الضبط 14133619
003 - محدد رقم الضبط
رقم الضبط OSt
005 - وقت وتاريخ اخر تعامل مع التسجيلة
رقم الضبط 20150408114021.0
008 - عناصر البيانات ثابتة الطول - معلومات عامة
حقل البيانات ثابتة الطول 051004s2006 njua be 001 0 eng
010 ## - رقم ضبط مكتبة الكونجرس
رقم ضبط مكتبة الكونجرس 2005028946
015 ## - رقم الببليوجرافية الوطنية
رقم الببليوجرافية الوطنية GBA588266
المصدر bnb
016 7# - رقم ضبط الوكاله الوطنية للضبط الببليوجرافي
رقم ضبط التسجيلة 101258752
المصدر DNLM
016 7# - رقم ضبط الوكاله الوطنية للضبط الببليوجرافي
رقم ضبط التسجيلة 013315592
المصدر Uk
020 ## - الرقم الدولى المعيارى للكتب
الرقم الدولى المعيارى للكتاب 9780471263586 (set)
020 ## - الرقم الدولى المعيارى للكتب
الرقم الدولى المعيارى للكتاب 0471263583 (set)
020 ## - الرقم الدولى المعيارى للكتب
الرقم الدولى المعيارى للكتاب 9780470040669 (v. 1)
020 ## - الرقم الدولى المعيارى للكتب
الرقم الدولى المعيارى للكتاب 0470040661 (v. 1)
020 ## - الرقم الدولى المعيارى للكتب
الرقم الدولى المعيارى للكتاب 9780470040676 (v. 2)
020 ## - الرقم الدولى المعيارى للكتب
الرقم الدولى المعيارى للكتاب 047004067X (v. 2)
020 ## - الرقم الدولى المعيارى للكتب
الرقم الدولى المعيارى للكتاب 9780470040683 (v. 3)
020 ## - الرقم الدولى المعيارى للكتب
الرقم الدولى المعيارى للكتاب 0470040688 (v. 3)
020 ## - الرقم الدولى المعيارى للكتب
الرقم الدولى المعيارى للكتاب 9780470040690 (v. 4)
020 ## - الرقم الدولى المعيارى للكتب
الرقم الدولى المعيارى للكتاب 0470040696 (v. 4)
020 ## - الرقم الدولى المعيارى للكتب
الرقم الدولى المعيارى للكتاب 9780470040706 (v. 5)
020 ## - الرقم الدولى المعيارى للكتب
الرقم الدولى المعيارى للكتاب 047004070X (v. 5)
020 ## - الرقم الدولى المعيارى للكتب
الرقم الدولى المعيارى للكتاب 9780470040713 (v. 6)
020 ## - الرقم الدولى المعيارى للكتب
الرقم الدولى المعيارى للكتاب 0470040718 (v. 6)
035 ## - رقم ضبط النظام
رقم ضبط النظام (OCoLC)ocm61860839
035 ## - رقم ضبط النظام
رقم ضبط النظام (OCoLC)61860839
040 ## - مصدر الفهرسة
وكالة الفهرسة الأصلية DNLM/DLC
وكالة النسخ DLC
وكالة التعديل NLM
-- BAKER
-- UKM
-- GZM
-- C#P
-- OCLCQ
-- YDXCP
-- OCLCQ
-- BTCTA
-- DLC
042 ## - رمز التحقق
رمز التحقق pcc
050 00 - رقم طلب مكتبة الكونجرس
رقم التصنيف R856.A3
رقم المادة E53 2006
060 00 - رقم الطلب بالمكتبة الطبية الوطنية
رقم التصنيف 2006 F-785
060 00 - رقم الطلب بالمكتبة الطبية الوطنية
رقم التصنيف W 13
رقم المادة E555 2006
082 00 - رقم تصنيف ديوى العشرى
رقم الطبعة 22
رقم التصنيف 610.2803
245 00 - بيان العنوان
العنوان Encyclopedia of medical devices and instrumentation /
بيان المسئوليه,etc edited by John G. Webster.
250 ## - بيان الطبعة
بيان الطبعة 2nd ed.
260 ## - PUBLICATION, DISTRIBUTION, ETC. (IMPRINT)
مكان الناشر او الموزع Hoboken, N.J. :
اسم الناشر او الموزع Wiley-Interscience,
تاريخ النشر أو التوزيع c2006.
300 ## - الوصف المادى
التعداد 6 v. :
تفاصيل ماديه اخرى للوعاء ill. ;
أبعاد الوعاء 29 cm.
500 ## - تبصرة عامة
تبصرة عامة Rev. ed. of: Encyclopedia of medical devices and instrumentation. 1988.
504 ## - تبصرة ببليوجرافية
تبصرة ببليوجرافية,الخ Includes bibliographical references and index.
505 0# - تبصرة محتويات-الفهرس
تبصرة المحتويات المصاغة v. 1. Alloys, shape memory - Brachytherapy, Intravascular -- v. 2. Capacitive microsensors for biomedical applications - Drug infusion systems -- v. 3. Echocardiography and Doppler echocardiography - Human spine, biomechanics of -- v. 4. Hydrocephalus, tools for diagnosis and treatment of - Monoclonal antibodies -- v. 5. Nanoparticles - Radiotherapy accessories -- v. 6. Radiotherapy, heavy ion - X-rays, production of.
650 #0 - المدخل الاضافى بالموضوع-مصطلح موضوعى
مصطلح موضوعي أو اسم جغرافي كعنصر مدخل Medical instruments and apparatus
التقسيم الفرعي الشكلي Encyclopedias.
9 (RLIN) 12168
650 #0 - المدخل الاضافى بالموضوع-مصطلح موضوعى
مصطلح موضوعي أو اسم جغرافي كعنصر مدخل Biomedical engineering
التقسيم الفرعي الشكلي Encyclopedias.
9 (RLIN) 12169
650 #0 - المدخل الاضافى بالموضوع-مصطلح موضوعى
مصطلح موضوعي أو اسم جغرافي كعنصر مدخل Medical physics
التقسيم الفرعي الشكلي Encyclopedias.
9 (RLIN) 12170
650 #0 - المدخل الاضافى بالموضوع-مصطلح موضوعى
مصطلح موضوعي أو اسم جغرافي كعنصر مدخل Medicine
التقسيم الفرعي العام Data processing
التقسيم الفرعي الشكلي Encyclopedias.
9 (RLIN) 12171
650 12 - المدخل الاضافى بالموضوع-مصطلح موضوعى
مصطلح موضوعي أو اسم جغرافي كعنصر مدخل Equipment and Supplies
التقسيم الفرعي الشكلي Encyclopedias
التقسيم الفرعي العام English.
9 (RLIN) 12172
700 1# - المدخل الاضافى - اسم شخصى
الإسم الشخصى Webster, John G.,
التواريخ المصاحبة للاسم 1932-
9 (RLIN) 12173
856 41 - الوصول و الموقع الالكترونى
مواد محددة Table of contents
معرف المصدر الموحد <a href="http://www.loc.gov/catdir/toc/ecip061/2005028946.html">http://www.loc.gov/catdir/toc/ecip061/2005028946.html</a>
856 42 - الوصول و الموقع الالكترونى
مواد محددة Publisher description
معرف المصدر الموحد <a href="http://www.loc.gov/catdir/enhancements/fy0623/2005028946-d.html">http://www.loc.gov/catdir/enhancements/fy0623/2005028946-d.html</a>
942 ## - عناصر المدخل الإضافي( كوها)
مصدر التصنيف او مخطط الترفيف Dewey Decimal Classification
Koha [default] item type كتاب
المقتنيات
حالة الفقد نموذج السعر الفعال حالة تلف ليس للاعارة رقم الطلب تاريخ الاكتساب الموقع الحالي الباركود الفرع الرئيسي Date last seen نوع المادة فى نظام كوها مصدر التصنيف او خطة الترفيف Total Checkouts
  2013-03-10     610.2803 V. 1 E N M 2012-04-29 المكتبة المركزية بالمجمعة (CL) 00085629 المكتبة المركزية بالمجمعة (CL) 2013-03-10 كتاب Dewey Decimal Classification  
  2013-03-10     610.2803 V. 1 E N M 2012-04-29 المكتبة المركزية بالمجمعة (CL) 00085512 المكتبة المركزية بالمجمعة (CL) 2013-03-10 كتاب Dewey Decimal Classification  
  2013-03-10     610.2803 V. 2 E N M 2012-04-29 المكتبة المركزية بالمجمعة (CL) 00085513 المكتبة المركزية بالمجمعة (CL) 2013-03-10 كتاب Dewey Decimal Classification  
  2013-03-10     610.2803 V. 2 E N M 2012-04-29 المكتبة المركزية بالمجمعة (CL) 00085628 المكتبة المركزية بالمجمعة (CL) 2013-03-10 كتاب Dewey Decimal Classification  
  2013-03-10     610.2803 V. 3 E N M 2012-04-29 المكتبة المركزية بالمجمعة (CL) 00086294 المكتبة المركزية بالمجمعة (CL) 2013-03-10 كتاب Dewey Decimal Classification  
  2013-03-10     610.2803 V. 3 E N M 2012-04-29 المكتبة المركزية بالمجمعة (CL) 00085630 المكتبة المركزية بالمجمعة (CL) 2013-03-10 كتاب Dewey Decimal Classification  
  2013-03-10     610.2803 V. 4 E N M 2012-04-29 المكتبة المركزية بالمجمعة (CL) 00085515 المكتبة المركزية بالمجمعة (CL) 2013-03-10 كتاب Dewey Decimal Classification  
  2013-03-10     610.2803 V. 4 E N M 2012-04-29 المكتبة المركزية بالمجمعة (CL) 00085632 المكتبة المركزية بالمجمعة (CL) 2013-03-10 كتاب Dewey Decimal Classification  
  2013-03-10     610.2803 V. 5 E N M 2012-04-29 المكتبة المركزية بالمجمعة (CL) 00085633 المكتبة المركزية بالمجمعة (CL) 2013-03-10 كتاب Dewey Decimal Classification  
  2013-03-10     610.2803 V. 5 E N M 2012-04-29 المكتبة المركزية بالمجمعة (CL) 00085514 المكتبة المركزية بالمجمعة (CL) 2013-03-10 كتاب Dewey Decimal Classification  
  2013-03-10     610.2803 V. 6 E N M 2012-04-29 المكتبة المركزية بالمجمعة (CL) 00085516 المكتبة المركزية بالمجمعة (CL) 2013-03-10 كتاب Dewey Decimal Classification  
  2013-03-10     610.2803 V. 6 E N M 2012-04-29 المكتبة المركزية بالمجمعة (CL) 00085631 المكتبة المركزية بالمجمعة (CL) 2013-03-10 كتاب Dewey Decimal Classification